000 00443 a2200157 4500
005 20250627144027.0
020 _a978-0-07-333695-4
082 _a330 McC
100 _aMcCONNELL, R. C
245 _aMicroeconomics: Principles, Problems, Policies
250 _a17th Ed.
260 _aBoston
_bMcGraw-Hill Irwin
_c2008.
300 _axxvii,482p.: ill.; figures, tables
_bIndex, Glossary
_c25cm
700 _aStanley , L . Brue
942 _2ddc
_cBKS
999 _c5692
_d5692